000 01017naa a22002537u 4500
001 04903
003 HDC
007 cr bn ---aaaaa
008 210118t2004 flu bi 000 0 eng
020 _a0849317495
040 _aHDC
050 _aRS200.N53 2004
100 _aNiazi, Sarfaraz,
_d1949-
_eauthor
_95092
245 0 _aHANDBOOK OF Pharmaceutical Manufacturing Formulations : Semisolid Products.
_nVOLUME 4 :
_bChapter 3 : Scale-Up and Postapproval Changes for Nonsterile Semisolid Dosage Forms: Manufacturing Equipment /
_cSarfaraz K. Niazi
260 _aBoca Raton, Florida :
_bCRC PRESS,
_c©2004
336 _atext
_2rdacontent
337 _acomputer
_2rdamedia
338 _aonline resource
_2rdacarrier
650 _aDrugs
_xDosage forms
_vHandbooks, manuals, etc.
_95090
856 _zRequest full-text at [email protected]
942 _2lcc
942 _cCHAP
942 _kEBCH 000992
999 _c2227
_d2227